000
00225nam a22001097a 4500
040
_c
HS
082
_a
636
100
_a
R.D. FRANDSON
245
_a
Anatomy and physiology
260
_a
Colorado
_b
R.D.FRANDSON
_c
1974
942
_c
EK
999
_c
8760
_d
8760